00488 2200193 4500001002100000005001500021008004100036020002200077035001900099041000700118082000800125090001600133100001900149245002500168260003600193300002500229500001000254650003000264INLIS00000000000507120241224113030241224||||||||| | ||| |||| || |  a978-979-3580-76-0 0010-1224005071 aid0 a959 a959.8 AKH M0 aAKHMAD SANTOSO00aMATARAM & MODERNISME amalangbINTRANS PUBLISINGc2016 axiv. 224 HAL,; 23 CM aCET 1 0aILMU SEJARAH DAN GEOGRAFI